Omar Sharif Filmography - Statistics

General Stats
  • This quiz has been taken 3 times
    2 since last reset
  • The average score is 2 of 144
Answer Stats
Type Year Name % Correct
Film 1962 Lawrence of Arabia
100%
Film 1965 Doctor Zhivago
50%
Film 2008 10,000 BC
0%
Short Film 2015 1,001 Inventions and the World of Ibn Al-Haytham
0%
Film 2013 A Castle in Italy
0%
Film 2009 Al Mosafer
0%
TV Mini-Series 1986 Anastasia: The Mystery of Anna
0%
Film 1979 Ashanti
0%
Film 1983 Ayoub
0%
Film 1958 Beach of the Secrets
0%
Film 1964 Behold a Pale Horse
0%
Film 1991 Beyond Justice
0%
Film 1979 Bloodline
0%
Video Game 1993 Bridge Champion with Omar Sharif
0%
Video Game 1996 Bridge Deluxe II with Omar Sharif
0%
TV Show 2001 Bridges of Hope
0%
TV Show 1971 Cadet Rousselle
0%
TV Film 1995 Catherine the Great
0%
Short Film 1996 Ça-Va?
0%
Film 2001 Censor
0%
Documentary Series 2010 Chasing Mummies
0%
Film 1969 Che!
0%
TV Documentary 1998 Cleopatra's Palace
0%
Film 1976 Crime and Passion
0%
TV Show 2010 Dancing with the Stars
0%
Film 1956 Dark Waters
0%
TV Show 1969 Dee Time
0%
TV Documentary 1995 'Doctor Zhivago': The Making of a Russian Epic
0%
TV Film 1985 Edge of the Wind
0%
Film 1965 El Mamalik
0%
Film 1961 Fi Baitina Rajul
0%
Film 2006 Fire at My Heart
0%
Film 1968 Funny Girl
0%
Film 1975 Funny Lady
0%
Film 1965 Genghis Khan
0%
Film 1961 Gharam el Assiad
0%
Film 1958 Goha
0%
Film 2000 Going Public
0%
TV Film 1987 Grand Larceny
0%
Film 1981 Green Ice
0%
TV Mini-Series 1996 Gulliver's Travels
0%
TV Mini-Series 2007 Hanan Wa Haneen
0%
TV Film 1986 Harem
0%
Film 2008 Hassan wa Morcus
0%
Film 1997 Heaven Before I Die
0%
Film 2004 Hidalgo
0%
Film 1960 Hubbi el Wahid
0%
Documentary Series 2011 Imagine
0%
Film 1981 Inchon
0%
TV Show 1965 I've Got a Secret
0%
Film 2009 J'ai Oublié de te Dire
0%
Film 1974 Juggernaut
0%
Film 1988 Keys to Freedom
0%
TV Show 2006 Kronprinz Rudolf
0%
TV Film 1983 La Martingale
0%
Film 1957 Land of Peace
0%
Film 1993 Laughter, Games, Seriousness and Love
0%
Film 1960 Lawet el Hub
0%
Film 1972 Le Droit d'Aimer
0%
TV Mini-Series 1990 Le roi de Patagonie
0%
Film 1988 Les Pyramides Bleues
0%
TV Mini-Series 1973 L'île Mystérieuse
0%
Film 1969 Mackenna's Gold
0%
Film 1965 Marco the Magnificent
0%
Film 1968 Mayerling
0%
TV Mini-Series 1991 Memories of Midnight
0%
Film 1959 Min Ajal Emraa
0%
Film 2003 Monsieur Ibrahim
0%
Film 1967 More Than a Miracle
0%
Film 1991 Mother
0%
Film 1992 Mother
0%
TV Mini-Series 1993 Mother
0%
Film 1990 Mountains of the Moon
0%
TV Film 1992 Mrs. 'Arris Goes to Paris
0%
Short Documentary 1998 Mysteries of Egypt
0%
TV Documentary 1977 Mysteries of the Great Pyramid
0%
Documentary 1988 Mysteries of the Pyramids
0%
Film 1959 Nahna el Talamiza
0%
Film 1960 Nahr el Hub
0%
TV Show 1978-1982 Numéro un
0%
Film 1980 Oh Heavenly Dog
0%
TV Documentary 2020 Omar Sharif - Aus dem Leben eines Nomaden
0%
Video Game 2002 Omar Sharif Bridge
0%
Video Game 1992 Omar Sharif on Bridge
0%
Short Documentary 2015 Omar Sharif's Tribute
0%
Film 2006 One Night with the King
0%
Film 1955 Our Best Days
0%
TV Mini-Series 1986 Peter the Great
0%
TV Film 1980 Pleasure Palace
0%
TV Show 1989 Quattro Piccole Donne
0%
TV Film 1994 Red Eagle
0%
Film 1959 Rendezvous with a Stranger
0%
Documentary 1983 Return to Eden
0%
Film 2013 Rock the Casbah
0%
Film 1961 Rumor of Love
0%
TV Film 2005 San Pietro
0%
Film 1958 Sayedat el Kasr
0%
Film 1959 Scandal in Zamalek
0%
TV Film 2001 Shaka Zulu: The Citadel
0%
Film 1954 Shaytan al-Sahra
0%
Film 1980 S.H.E.: Security Hazards Expert
0%
Film 1957 Sleepless
0%
Film 1959 Struggle on the Nile
0%
Film 1992 Tengoku no Taizai
0%
Film 1999 The 13th Warrior
0%
Film 1969 The Appointment
0%
Film 1980 The Baltimore Bullet
0%
Film 1960 The Beginning and the End
0%
Film 1954 The Blazing Sun
0%
Film 1971 The Burglars
0%
Film 1964 The Fall of the Roman Empire
0%
TV Mini-Series 1984 The Far Pavilions
0%
Film 1958 The Fault of My Love
0%
Film 1971 The Horsemen
0%
TV Show 1978 The Jim Nabors Show
0%
TV Mini-Series 2009 The Last Templar
0%
Film 1971 The Last Valley
0%
TV Mini-Series 1991 The Law of the Desert
0%
Film 1956 The Lebanese Mission
0%
TV Show 1970, 1971, 1975, 1977, 1979 The Mike Douglas Show
0%
TV Show 1986 The Mind of David Berglas
0%
Film 1973 The Mysterious Island
0%
Film 1967 The Night of the Generals
0%
Film 2001 The Parole Officer
0%
Film 1976 The Pink Panther Strikes Again
0%
TV Film 1966 The Poppy Is Also a Flower
0%
Film 1988 The Possessed
0%
Film 1989 The Puppeteer
0%
Film 1990 The Rainbow Thief
0%
TV Documentary 2005 The Search for Eternal Egypt
0%
Documentary Series 1985 The South Bank Show
0%
Film 1974 The Tamarind Seed
0%
TV Mini-Series 2006 The Ten Commandments
0%
TV Show 1965, 1977, 1980 The Tonight Show Starring Johnny Carson
0%
Film 1964 The Yellow Rolls-Royce
0%
Documentary Series 1972, 1988, 1989 This Is Your Life
0%
Film 1984 Top Secret!
0%
Film 1969 Trois Hommes sur un Cheval
0%
Documentary 1996 Umm Kulthum
0%
TV Show 2003-2004 Urban Myth Chillers
0%
Film 1990 Viaggio d'Amore
0%
TV Film 1985 Vicious Circle
0%
Film 1991 War in the Land of Egypt
0%
TV Show 1995 What's the Bet?
0%
No matching quizzes found
Score Distribution
Percent of People with Each Score
Percentile by Number Answered
Your Score History
You have not taken this quiz since the last reset